বাঙলা একাডেমী পত্রিকা : বসন্ত সংখ্যা মাঘ-চৈত্র 1370 / (Record no. 5983)
[ view plain ]
| 000 -LEADER | |
|---|---|
| fixed length control field | 00787nam a2200229 a 4500 |
| 001 - CONTROL NUMBER | |
| JCCL Control Number | 5983 |
| 003 - CONTROL NUMBER IDENTIFIER | |
| JCCL marc code | BD-JhCC |
| 005 - DATE AND TIME OF LATEST TRANSACTION | |
| control field | 20180210112352.0 |
| 008 - FIXED-LENGTH DATA ELEMENTS--GENERAL INFORMATION | |
| fixed length control field | 171231s1370 bg |||| ||a| 000 0 ben d |
| 035 ## - SYSTEM CONTROL NUMBER | |
| system control number | (BD-JhCC)5983 |
| 040 ## - CATALOGING SOURCE | |
| Original cataloging agency | BD-JhCC |
| Modifying agency | BD-JhCC |
| 041 ## - LANGUAGE CODE | |
| Language code of Book | ben |
| 082 ## - DEWEY DECIMAL CLASSIFICATION NUMBER | |
| Classification number | 050 |
| Author mark and Year | AHS 1370 |
| 245 ## - TITLE STATEMENT | |
| Title | বাঙলা একাডেমী পত্রিকা : বসন্ত সংখ্যা মাঘ-চৈত্র 1370 / |
| Statement of responsibility, etc | সৈয়দ আলী আহসান (সম্পদিত) |
| 260 ## - PUBLICATION, DISTRIBUTION, ETC. (IMPRINT) | |
| Place of publication, distribution, etc | ঢাকা : |
| Name of publisher, distributor, etc | বাঙলা একাডেমী, |
| Date of publication, distribution, etc | 1370. |
| 300 ## - PHYSICAL DESCRIPTION | |
| Pagination | p. : |
| Dimensions | 24 cm. |
| 650 ## - SUBJECT ADDED ENTRY--TOPICAL TERM | |
| Topical term or geographic name as entry element | Bangladesh |
| General subdivision | Preiodicals |
| 650 ## - SUBJECT ADDED ENTRY--TOPICAL TERM | |
| Topical term or geographic name as entry element | Magazine |
| General subdivision | Journal |
| 700 ## - ADDED ENTRY--PERSONAL NAME | |
| Personal name | আহসান, সৈয়দ আলী |
| 942 ## - ADDED ENTRY ELEMENTS (KOHA) | |
| Source of classification or shelving scheme | Dewey Decimal Classification |
| Koha item type | Books |
| Source of classification or shelving scheme | Damaged status | Not for loan | Home library | Current library | Shelving location | Date of accession | Total Checkouts | Full call number | Barcode | Date last seen | Copy number | Koha item type |
|---|---|---|---|---|---|---|---|---|---|---|---|---|
| Dewey Decimal Classification | JCC Rouf Library | JCC Rouf Library | General Stacks | 12/31/2017 | 050 BAN 1370 | 8157 | 12/31/2017 | C-1 | Books |